Normal view
MARC view
- ELECTRONIC APPARATUS AND APPLICATIONS PHYSICAL INSTRUMENTS
Entry Topical Term
001 - CONTROL NUMBER
- control field: 74701
003 - CONTROL NUMBER IDENTIFIER
- control field: NUST
005 - DATE AND TIME OF LATEST TRANSACTION
- control field: 20210628205255.0
008 - FIXED-LENGTH DATA ELEMENTS
- fixed length control field: 210628|| aca||aabn | a|a d
040 ## - CATALOGING SOURCE
- Original cataloging agency: NUST
- Transcribing agency: NUST
150 ## - HEADING--TOPICAL TERM
- Topical term or geographic name entry element: ELECTRONIC APPARATUS AND APPLICATIONS PHYSICAL INSTRUMENTS
670 ## - SOURCE DATA FOUND
- Source citation: Work cat.: (NUST): DELANEY, C. F. G 74700, ELECTRONIC FOR THE PHYSICIST WITH APPLICATIONS, 1980
